Análisis vectorial

Uloženo v:
Podrobná bibliografie
Hlavní autoři: Spiegel, Murray R (Autor), Spellman, Dennis (Autor)
Další autoři: Lipschutz, Seymour (autor)
Médium: Kniha
Jazyk:španělština
Vydáno: Ciudad de México McGraw-Hill 2011
Vydání:2a. ed
Edice:Schaum
Témata:
Tagy: Přidat tag
Žádné tagy, Buďte první, kdo vytvoří štítek k tomuto záznamu!

MARC

LEADER 00000cam a2200000 a 4500
001 UCF8643
003 CL-VaPUC
008 130930e20110000mx |||||||||||||||||spa|d
020 |a 9786071505507 
082 0 4 |a 515.63  |b SPI  |2 21 
100 0 |a Spiegel, Murray R  |e author  |9 366 
700 |a Lipschutz, Seymour  |e autor  |9 604228 
700 0 |a Spellman, Dennis  |e author  |9 570765 
245 1 0 |a Análisis vectorial 
250 |a 2a. ed 
300 |a 237 p 
942 |c BK 
945 |d 20130930 13:19:00  |a dcastane 
260 |a Ciudad de México  |b McGraw-Hill  |c 2011 
650 0 |a Análisis vectorial   |9 260451 
650 0 |a Vectores  |9 317184 
650 0 |a Cálculo  |9 260234 
583 |a last modification  |c 20130930 13:19:00  |k Rodrigo Vera 
490 0 |a Schaum 
999 |c 353210  |d 353208 
952 |0 0  |1 0  |3 erb  |4 0  |6 515_630000000000000_SPI_2011  |7 0  |8 A  |9 458289  |a BIBMEC  |b BIBMEC  |d 2019-11-23  |i 500960K  |o 515.63 SPI 2011  |p 500960K  |r 2024-01-19  |w 2019-11-23  |y BK  |z Catalogado en:20130930  |k MEC 
952 |0 0  |1 0  |3 erb  |4 0  |6 515_630000000000000_SPI_2011  |7 0  |8 A  |9 458290  |a BIBMEC  |b BIBMEC  |d 2019-11-23  |i 5012880  |o 515.63 SPI 2011  |p 5012880  |r 2024-01-19  |w 2019-11-23  |y BK  |z Catalogado en:20130930  |k MEC